000 01362nam a2200313 c 4500
999 _c57333
_d57333
003 BLK
005 20220525124152.0
008 180408b bul|||||r ||||||| ||bul||
010 _aKNG00061330000
040 _aBLK
041 _aBUL
_cBUL
080 _aЛекарствени растения
_b633.88
_x(035)
_z633.88(035)
139 _aПерспективни лекарствени растения
_bП 37
245 1 0 _aПерспективни лекарствени растения
_bРъководство
_cнауч. ред. Никола Астаджов.
257 _aBGR
260 _bХристо Г. Данов
_c1980
_aПловдив
300 _a171 с.
_bсъс сн. и табл.
_c20 см
380 _a63
500 _aДруги авт. : Й. Димитров, Ст. Цачев, Т. Денева, Г. Джурмански, Ср. Златев, М. Тодоров, Г. Паскалев 5 100 тир Библиогр. с. 164-166
650 4 _aМедицински растения - наръчници и ръководства
_9251135
653 _aмедицински растения
653 _aфитотерапия
700 1 _aАстаджов, Никола
_eнауч. ред.
_934065
852 _aЦб 103742
_bЦб
856 4 _qpdf
856 4 _qpdf
942 _cKNG
_n0
_s1
944 _aCR
_c13.06.2004
_kЧиталня
944 _aED
_c04.09.2015
944 _aED
_c2022-05-25
999 _d57333